|
|
|
|
| LEADER |
00000nab a2200000 ar4500 |
| 001 |
vtls008691631 |
| 003 |
SK-MaSNL |
| 005 |
20260303231247.0 |
| 008 |
060419c2006 xo wr|p|||||||000 b|slo |
| 015 |
|
|
|a SNBRB2006/04
|
| 038 |
|
|
|a SNSK
|
| 040 |
|
|
|a SNSK
|b slo
|c SNSK
|e AACR2
|
| 041 |
0 |
|
|a slo
|
| 044 |
|
|
|a xo
|c SK
|
| 080 |
|
|
|a 903.22
|2 2001
|
| 080 |
|
|
|a 623.94.01/.08
|2 2001
|
| 100 |
1 |
|
|a Šimončič, Andrej
|4 aut
|9 723509
|
| 245 |
1 |
0 |
|a Zbrane budúcnosti
|b budú sa vojaci namiesto strieľania už len oslepovať a ohlušovať?
|c Andrej Šimončič
|
| 300 |
|
|
|b Fotogr.
|
| 650 |
0 |
7 |
|a vojenstvo
|2 snsk
|9 22591
|
| 650 |
0 |
7 |
|a zbrane
|2 snsk
|9 4348
|
| 650 |
0 |
7 |
|a vojenská technika
|2 snsk
|9 29297
|
| 773 |
0 |
|
|t Život
|g Roč. 55, č. 10 (2006), s. 50-51
|x 0139-6323
|
| 852 |
|
|
|a SNSK
|b KIS3GCP
|
| 999 |
|
|
|c 2266021
|d 2267951
|